01622pam a2200193 4500001000500000005001700005008003900022010001300061020002000074100002700094245005500121250001100176260004300187300003300230500001900263505077800282520034601060650002201406864820181127190437.0831003s1984 vaua 001 0 eng a83021237 a9780071105828c1 aBell, David A.,d1930-10aFundamentals of electric circuits /cDavid A. Bell a3rd ed aReston, Va. :bReston Pub. Co.,c2007. axvi, 847 p. :bill. ;c25 cm aIncludes index aCONTENTS : Part 1 DC Circuits1 Basic Concepts2 Basic Laws3 Methods of Analysis4 Circuit Theorems5 Operational Amplifiers6 Capacitors and Inductors7 First-Order Circuits8 Second-Order CircuitsPart 2 AC Circuits9 Sinusoids and Phasors10 Sinusoidal Steady-State Analysis11 AC Power Analysis12 Three-Phase Circuits13 Magnetically Coupled Circuits14 Frequency ResponsePart 3 Advanced Circuit Analysis15 Introduction to the Laplace Transform16 Applications of the Laplace Transform17 The Fourier Series18 Fourier Transform19 Two-Port NetworksAppendix A Simultaneous Equations and Matrix InversionAppendix B Complex NumbersAppendix C Mathematical FormulasAppendix D PSpice for WindowsAppendix E MATLABAppendix F KCIDEAppendix G Answers to Odd-Numbered Problemsgrt aPresenting circuit analysis, this book introduces students to the sound, six-step problem solving methodology in chapter one, and makes them apply and practice these steps in practice problems and homework problems. It features: a balance of theory, worked examples and extended examples, practice problems, and real-world applications. 0aElectric circuits